Score 0/16 Timer 02:00
0 Plays Today
Scrambled Food Unscrambled Food % Correct
GESGeggs
98.6%
MISK IMLKskim milk
96.8%
TEUTRBbutter
93.1%
EGLVBETEA LOIvegetable oil
92.9%
UROFLflour
92.8%
RADBEbread
89.5%
NROWB RUGSAbrown sugar
87.9%
PAGER LEJLYgrape jelly
85.2%
Scrambled Food Unscrambled Food % Correct
RUSO RMACEsour cream
83.1%
NCBOAbacon
81.1%
SAYIEMONANmayonnaise
67.3%
HCKNICEchicken
66.2%
SLIPKECpickles
64.1%
NAILVALvanilla
62.2%
GOATCET ECESEHcottage cheese
56.3%
DAMRUSTmustard
50.7%
Remove Ads.
Support Sporcle.
Get the best of Sporcle when you Go Orange. This ad-free experience offers more features, more stats, and more fun while also helping to support Sporcle. Thank you for becoming a member.

You're not logged in!

Compare scores with friends on all Sporcle quizzes.
OR
Log In

Show Comments

Extras

Top Quizzes Today


Score Distribution

Your Account Isn't Verified!

In order to create a playlist on Sporcle, you need to verify the email address you used during registration. Go to your Sporcle Settings to finish the process.

Report this User

Report this user for behavior that violates our Community Guidelines.

Details: